Normale Ansicht MARC-Ansicht ISBD

Hezbollah in International Law (Titelsatznr. 74079)

[ MARC ]
MARC-Details
000 -Satzkennung
Kontrollfeld mit fester Länge 00842namaa2200289 cb4500
001 - Kontrollnummer
Kontrollfeld BV005305351
003 - Kontrollnummer Identifier
Kontrollfeld DE-70
005 - Datum und Zeit der letzten Transaktion
Kontrollfeld 20260416171633.0
006 - Datenelemente mit fester Länge - Weitere Materialmerkmale
Kontrollfeld mit fester Länge m|||| o||u| ||||||
007 - Feld mit fester Länge zur physischen Beschreibung - Allgemeine Information
Kontrollfeld mit fester Länge tu
007 - Feld mit fester Länge zur physischen Beschreibung - Allgemeine Information
Kontrollfeld mit fester Länge 7
008 - Feld mit fester Länge zur physischen Beschreibung - Allgemeine Angaben
Kontrollfeld mit fester Länge 920527s1980 a||| |||| 00||| und d
020 ## - Internationale Standardbuchnummer
Internationale Standardbuchnummer 9781399555746
Verknüpfung 978-1-3995-5574-6
024 ## - Anderer Standardidentifier
Standardnummer oder Code 9781399555746
-- 978-1-3995-5574-6
040 ## - Katalogisierungsquelle
Übertragungsstelle RU-10907106
041 ## - Sprachcode
Sprachcode des Textes/der Tonspur oder des separaten Titels eng
100 ## - Haupteintragung - Personenname
Personenname Rebeiz, Mireille
Funktionsbezeichnungscode aut
Koha-Normdatenidentnummer 21923
245 ## - Titel
Titel Hezbollah in International Law
264 ## - Produktion, Veröffentlichung, Distribution, Herstellung und Urheberrechtsvermerk
Herstellungs-, Veröffentlichungs- Vertriebs-, Erzeugungsort Edinburgh
Produzent, Herausgeber, Distributor, Hersteller Edinburgh University Press
Datum der Herstellung, der Veröffentlichung, des Vertriebs oder des Urheberschutzvermerks 2025
300 ## - Physische Beschreibung
Umfang 264 Seiten
336 ## - Inhaltstyp
Quelle rdacontent
Inhaltstypterm Text
Inhaltstypcode txt
337 ## - Medientyp
Quelle rdamedia
Bezeichnung des Medientyps Computermedien
Medientypcode bc
338 ## - Datenträgertyp
Quelle rdacarrier
Datenträgertypbezeichnung Online Ressource
Datenträgertypcode cr
500 ## - Allgemeine Fußnote
Allgemeine Fußnote E-Book / Zugriff nur im Lesesaal
856 ## - Elektronische Adresse und Zugriff
OPAC-Notiz Volltext
URL <a href="http://www.degruyterbrill.com/isbn/9781399555746">http://www.degruyterbrill.com/isbn/9781399555746</a>
942 ## - Zusätzliche Felder (Koha)
Koha-Medientyp E-Books
Klassifikation oder Aufstellungssystematik Andere/Generische Klassifikation
Exemplare
Ausgeschieden Verloren Klassifikation oder Aufstellungssystematik Beschädigt Nicht entleihbar Heimatbibliothek Aufenthaltsbibliothek Aufstellungsort Erwerbungsdatum Inventarnummer Signatur Barcode Letzte Aktivität Preis gültig von Koha-Medientyp
    Andere/Generische Klassifikation     MWN Osteuropa MWN Osteuropa Online-Ressource 16/04/2026 26-e00319 E-26-e00319 77016 16/04/2026 16/04/2026 E-Books